000
00274nam a22001337a 4500
008
170807b xxu||||| |||| 00| 0 eng d
020
_a
9781416040392
041
_a
eng
080
_a
004
100
_a
34
101
_a
SHK
245
_a
HCPCS
_c
BUCK,C,.J
942
_2
udc
_c
BK
999
_c
22829
_d
22829